| 000 | 00777nam a22002297a 4500 | ||
|---|---|---|---|
| 999 |
_c19931 _d19931 |
||
| 003 | AR-CdUCM | ||
| 008 | 190508b ||||| |||| 00| 0 spa d | ||
| 040 |
_aMUNICIPALIDAD PROVINCIAL DEL CUSCO _cBIBLIOTECA MUNICIPAL DEL CUSCO |
||
| 082 |
_a516 / _bA58 |
||
| 100 |
_aAnfossi, Agustin _941662 |
||
| 245 | _aCurso de geometria analitica / | ||
| 260 |
_aMéxico : _bProgreso, _c1961. |
||
| 300 |
_a240 páginas; _c23 cm. |
||
| 440 |
_aLibros de matemáticas _941663 |
||
| 505 | _aContenido : Angulo de dos rectas --Ángulos directores -- Areas positivas -- Coeficiente angular... | ||
| 650 |
_aGeometria analitica _937185 |
||
| 650 |
_aEcuaciones _919076 |
||
| 650 |
_aDerivada del logaritmo _937186 |
||
| 650 |
_aCoordenadas _937187 |
||
| 942 |
_2ddc _cLIBROS |
||
| 945 | _arcc | ||